Bài tập toán cao cấp Dùng cho các trường CĐSP và kỹ thuật
Đã lưu trong:
| Hovedforfatter: | |
|---|---|
| Format: | Bog |
| Tags: |
Tilføj Tag
Ingen Tags, Vær først til at tagge denne postø!
|
| Thư viện lưu trữ: | Mạng thư viện Đại học Đà Nẵng |
|---|
| LEADER | 00762nam a2200217 4500 | ||
|---|---|---|---|
| 001 | 000010047 | ||
| 003 | 6246 | ||
| 005 | 20150812140832.0 | ||
| 008 | 111109s sd | ||
| 100 | 0 | |a Nguyễn Văn Khuê | |
| 245 | 0 | 0 | |a Bài tập toán cao cấp |b Dùng cho các trường CĐSP và kỹ thuật |c Nguyễn Văn Khuê,Đậu Thế Cấp... |
| 774 | |a Nguyễn Văn Khuê |d Khoa học và kỹ thuật |d H. |d 1998 |g T.1 |h 183tr. |o KM.012995 |w 6248 | ||
| 774 | |a Nguyễn Văn Khuê |d Khoa học và kỹ thuật |d H. |d 1998 |g T.2 |h 172tr. |w 9471 | ||
| OWN | |a LSP | ||
| 999 | |a From the UDN01 | ||
| TYP | |a Monograph | ||
| TYP | |a Printed language | ||
| 980 | |a Mạng thư viện Đại học Đà Nẵng | ||